000 00602nam a2200253 a 4500
003 AR-BaBNM
005 20251128210027.0
008 082120s2002 ||||||||||||||000 | spa||
020 _a958-04-4677-6
040 _cAR-BaBNM
100 1 _aHeer, Liliana
245 0 0 _aAngeles de vidrio
250 _a1ª ed.
260 _aSantafé de Bogotá
_bNorma
_c1998
300 _a192 p.
490 0 _aLa otra orilla
650 4 _aLITERATURA ARGENTINA
650 4 _aLITERATURA CONTEMPORANEA
650 4 _aNOVELAS
650 4 _aESCRITORES
655 _aLITERATURA
942 _cBK
998 _cMARTIN
999 _c13769
_d13769